Psicología comunitaria

Saved in:
Bibliografiske detaljer
Hovedforfatter: Martín González, Antonio (autor)
Format: Bog
Sprog:spansk
Udgivet: Madrid Visor 1988
Serier:Colección textos Visor, 1
Fag:
Tags: Tilføj Tag
Ingen Tags, Vær først til at tagge denne postø!

MARC

LEADER 00000nam a2200000 a 4500
001 UCY3484
003 CL-VaPUC
008 950103e19880000SP |||||||||||||||||spa|d
082 0 4 |a 302  |b MAR  |2 21 
100 |a Martín González, Antonio  |e autor  |9 331764 
245 1 0 |a Psicología comunitaria 
300 |a 401 p 
942 |c BK 
945 |d 19950103 00:00:00  |a rbrito 
260 |a Madrid  |b Visor  |c 1988 
650 0 |a Psicología social   |9 222894 
583 |a last modification  |c 19950103 00:00:00  |k Rodrigo Vera 
490 0 |a Colección textos Visor, 1 
999 |c 231601  |d 231599 
952 |0 0  |1 0  |4 0  |6 302_000000000000000_MAR_1988  |7 0  |8 A  |9 235029  |a BIBGIM  |b BIBGIM  |d 2019-11-15  |i 3048071  |o 302 MAR 1988  |p 3048071  |r 2025-01-15  |w 2019-11-15  |y BK  |k SSL